Bài giảng Miễn dịch học

Αποθηκεύτηκε σε:
Λεπτομέρειες βιβλιογραφικής εγγραφής
Κύριος συγγραφέας: Nguyễn, Thị Oanh
Μορφή: Βιβλίο
Έκδοση: Đồng Tháp 2017
Ετικέτες: Προσθήκη ετικέτας
Δεν υπάρχουν, Καταχωρήστε ετικέτα πρώτοι!
Thư viện lưu trữ: Trung tâm Học liệu Lê Vũ Hùng, Trường Đại học Đồng Tháp
LEADER 00558pam a22001818a 4500
001 00039369
005 20171026081025.0
008 170518s2017 ||||||Viesd
041 0 # |a Vie 
082 1 4 |a 571.9  |b B103GI 
100 1 # |a Nguyễn, Thị Oanh 
245 1 0 |a Bài giảng Miễn dịch học  |c Nguyễn Thị Oanh 
260 # # |a Đồng Tháp  |c 2017 
300 # # |a 15 tr.  |b 27cm 
852 # # |b Kho đọc  |j KD.0020219 
852 # # |j KD.0020219 
910 |d 18/05/2017 
980 # # |a Trung tâm Học liệu Lê Vũ Hùng, Trường Đại học Đồng Tháp